000 00467nam a2200157Ia 4500
003 GCL
005 20240530101743.0
008 140319s9999 xx 000 0 ara d
040 _aGCL /
_cGCL
082 0 4 _a370
_bم ن
100 _aمحمد منير مرسى
245 1 0 _aالتعليم فى دول الخليج العربية/
_cمحمد منير مرسى
260 _a[S.N] :
_bعالم الكتب الحديث ،
_c1989
300 _a407 ص
942 _2ddc
_cBK
999 _c27499
_d27499